...

NIRU LIBRARY

Communication theory : (Record no. 58)

MARC details
000 -LEADER
fixed length control field 01192cam a2200325 a 4500
001 - CONTROL NUMBER
control field 13997291
003 - CONTROL NUMBER IDENTIFIER
control field OSt
005 - DATE AND TIME OF LATEST TRANSACTION
control field 20230620103737.0
008 - FIXED-LENGTH DATA ELEMENTS--GENERAL INFORMATION
fixed length control field 050609s2005 enka b 001 0 eng d
010 ## - LIBRARY OF CONGRESS CONTROL NUMBER
LC control number 2005298248
015 ## - NATIONAL BIBLIOGRAPHY NUMBER
National bibliography number bA475395
020 ## - INTERNATIONAL STANDARD BOOK NUMBER
International Standard Book Number 076197069X
020 ## - INTERNATIONAL STANDARD BOOK NUMBER
International Standard Book Number 0761970703 (pbk.)
035 ## - SYSTEM CONTROL NUMBER
System control number (OCoLC)ocm59711384
040 ## - CATALOGING SOURCE
Original cataloging agency UkOXU
Transcribing agency NIRUC
Modifying agency DLC
042 ## - AUTHENTICATION CODE
Authentication code lccopycat
050 00 - LIBRARY OF CONGRESS CALL NUMBER
Classification number P96.T42
Item number H65 2005
100 1# - MAIN ENTRY--PERSONAL NAME
Personal name Holmes, David,
Dates associated with a name 1962-
245 10 - TITLE STATEMENT
Title Communication theory :
Remainder of title media, technology and society /
Statement of responsibility, etc. David Holmes.
260 ## - PUBLICATION, DISTRIBUTION, ETC.
Place of publication, distribution, etc. London ;
-- Thousand Oaks, Calif. :
Name of publisher, distributor, etc. SAGE,
Date of publication, distribution, etc. 2005.
300 ## - PHYSICAL DESCRIPTION
Extent xv, 225 p. :
Other physical details ill. ;
Dimensions 25 cm.
504 ## - BIBLIOGRAPHY, ETC. NOTE
Bibliography, etc. note bibliographical references (p. [226]-243) and index.
650 #0 - SUBJECT ADDED ENTRY--TOPICAL TERM
Topical term or geographic name entry element Mass media and technology.
650 #0 - SUBJECT ADDED ENTRY--TOPICAL TERM
Topical term or geographic name entry element Mass media
General subdivision Social aspects.
856 42 - ELECTRONIC LOCATION AND ACCESS
Materials specified Publisher description
Uniform Resource Identifier <a href="http://www.loc.gov/catdir/enhancements/fy0658/2005298248-d.html">http://www.loc.gov/catdir/enhancements/fy0658/2005298248-d.html</a>
856 41 - ELECTRONIC LOCATION AND ACCESS
Materials specified Table of contents only
Uniform Resource Identifier <a href="http://www.loc.gov/catdir/enhancements/fy0658/2005298248-t.html">http://www.loc.gov/catdir/enhancements/fy0658/2005298248-t.html</a>
906 ## - LOCAL DATA ELEMENT F, LDF (RLIN)
a 7
b cbc
c copycat
d 2
e ncip
f 20
g y-gencatlg
942 ## - ADDED ENTRY ELEMENTS (KOHA)
Source of classification or shelving scheme Library of Congress Classification
Koha item type Books
Suppress in OPAC No
Holdings
Withdrawn status Lost status Source of classification or shelving scheme Damaged status Not for loan Collection Home library Current library Shelving location Date acquired Total checkouts Full call number Barcode Date last seen Price effective from Koha item type
    Library of Congress Classification     Non-fiction NIRU LIBRARY NIRU LIBRARY On display 06/20/2023   P96.T42.H65 2023-0118 06/20/2023 06/20/2023 Books
Copyright © 2025&6. National Intelligence and Research University. All Rights Reserved.